000 00441nam a2200181 a 4500
001 4852
003 CO-ViMGA
008 141112s2004 ck r 000 u spa d
040 _aCO-ViMGA
_bspa
_cCO-ViMGA
082 0 4 _a928.2 Z834
100 1 _aZweig, Stefan
_95177
245 1 0 _aEl mundo de ayer
250 _a2a
260 _aArgentina :
_bPorrĂșa,
_c1993
300 _a257 p
650 1 4 _aZWEIG, STEFAN 1881 - 1942
_93031
942 _2ddc
_cBK
999 _c16858
_d16858